Statistiche per Circuiti di Mario Kart Wii

Clicka qui per fare il quiz!

Statistiche generali

  • Questo quiz è stato fatto 9 volte
  • Il punteggio medio è 19 su 32

Statistiche sulle risposte

TrofeoConsole retroCircuito% Corretto
Speciale-Pista Arcobaleno
100%
FulmineN64Castello di Bowser
88%
Speciale-Castello di Bowser
88%
FogliaGBACastello di Bowser 3
88%
Fungo-Circuito di Luigi
88%
FogliaGCNCircuito di Mario
88%
Fiore-Circuito di Mario
88%
FulmineSNESCircuito di Mario 3
88%
Fiore-Outlet Cocco
75%
BananaDSBorgo Delfino
63%
GuscioDSCascate di Yoshi
63%
Stella-Circuito di Daisy
63%
FogliaDSDeserto Picchiasol
63%
Fungo-Fabbrica di Toad
63%
FulmineDSGiardino di Peach
63%
Fungo-Gola Fungo
63%
Stella-Pista degli Aceri
63%
Fiore-Pista Snowboard DK
63%
BananaGBASpiaggia Tipo Timido
63%
Speciale-Autostrada Lunare
50%
GuscioSNESValle Fantasma 2
50%
Fiore-Miniera d'oro di Wario
38%
GuscioN64Pista di Mario
38%
Stella-Punta Koopa
38%
Speciale-Rovine Desertiche
38%
BananaGCNStadio di Waluigi
38%
FogliaN64Viale Giungla DK
38%
Stella-Vulcano Brontolone
38%
BananaN64Circuito Gelato
25%
Fungo-Prateria Verde
25%
GuscioGCNSpiaggia di Peach
25%
FulmineGCNMontagne di DK
13%

Distribuzione punteggi

Percentile per numero di risposta

Percentuale di utenti per punteggio

I tuoi punteggi nel tempo

Non hai fatto questo quiz